| 000 | 00575nam a22001817a 4500 | ||
|---|---|---|---|
| 005 | 20241130104701.0 | ||
| 008 | 241130b |||||||| |||| 00| 0 eng d | ||
| 020 | _a9780471423591 | ||
| 050 |
_aQD33 _b.S69 |
||
| 100 | _aSnyder, Carl H. | ||
| 245 |
_aStudent Study Guide/ _bthe extraordinary chemistry of ordinary things _cCarl H. Snyder, Ann Ratcliffe & David F. Dever |
||
| 250 | _a4th ed. | ||
| 260 |
_aHoboken, NJ _bJohn Wiley & Sons, Inc. _c2003 |
||
| 300 |
_a175p. _bill. _c27.5cm |
||
| 700 | _aRatcliffe, Ann | ||
| 700 | _aDever, David F. | ||
| 942 |
_2lcc _cBK _e4th ed. _n0 |
||
| 999 |
_c1819 _d1819 |
||